书目信息 |
| 题名: |
FoxBase+ 考点分析与题解
|
|
| 作者: | 李勇 编著 | |
| 分册: | ||
| 出版信息: | 北京 北京希望电子出版社 2002.10 |
|
| 页数: | 239页 | |
| 开本: | 26cm | |
| 丛书名: | ||
| 单 册: | ||
| 中图分类: | TP3-44 | |
| 科图分类: | ||
| 主题词: | 计算技术 , 电子计算机 | |
| 电子资源: | ||
| ISBN: | 7-900118-63-2 | |
| 000 | 00587nam0 2200205 45 | |
| 001 | 0458511773 | |
| 005 | 2004091616151113 | |
| 010 | @a7-900118-63-2@dCNY 20.00 | |
| 100 | @a20040916d2002 km y0chiy0120 ea | |
| 101 | 0 | @achi |
| 102 | @aCN@b110000 | |
| 200 | 1 | @aFoxBase+ 考点分析与题解@AFoxBase+Kao Dian Fen Xi Yu Ti Jie@f李勇编著@FLi Yong Bian Zhu |
| 210 | @a北京@c北京希望电子出版社@d2002.10 | |
| 215 | @a239页@d26cm | |
| 606 | 0 | @a计算技术 |
| 606 | 0 | @a电子计算机 |
| 690 | @aTP3-44@v3 | |
| 701 | 0 | @a李勇@ALi Yong@4编著 |
| 801 | 0 | @aCN@bPFT@c20040916 |
| 905 | @a安徽大学@dTP3-44@eL322 | |
| FoxBase+ 考点分析与题解/李勇编著.-北京:北京希望电子出版社,2002.10 |
| 239页;26cm |
| ISBN 7-900118-63-2:CNY 20.00 |
| ● |
| 相关链接 |
|
|
|
正题名:FoxBase+ 考点分析与题解
索取号:TP3-44/L322
 
预约/预借
| 序号 | 登录号 | 条形码 | 馆藏地/架位号 | 状态 | 备注 |
| 1 | 394094 | 203940940 | 期刊室512/301自科库 101排6列2层/ [索取号:TP3-44/L322] | 在馆 | |
| 2 | 394095 | 203940959 | 期刊室512/301自科库 101排6列2层/ [索取号:TP3-44/L322] | 在馆 | |
| 3 | 394096 | 203940968 | 期刊室512/301自科库 101排6列2层/ [索取号:TP3-44/L322] | 在馆 |